[Event "Regionalliga NO 0910"]
[Site "Bayern"]
[Date "2010.04.11"]
[Round "9.7"]
[White "Blodig, Christoph"]
[Black "Langensteiner, Matthias"]
[Result "1/2-1/2"]
[WhiteElo "1882"]
[BlackElo "1932"]
[PlyCount "25"]
[EventDate "2009.10.18"]
[EventType "team-tourn"]
[EventRounds "9"]
[EventCountry "GER"]
[SourceTitle "EXT 2011"]
[Source "ChessBase"]
[SourceDate "2010.11.26"]
[SourceVersion "1"]
[SourceVersionDate "2010.11.26"]
[SourceQuality "1"]
[WhiteTeam "Dietfurt"]
[BlackTeam "Neutraubling"]
[WhiteTeamCountry "GER"]
[BlackTeamCountry "GER"]

1. e4 e6 2. d4 d5 3. e5 c5 4. c3 Qb6 5. Nf3 Nc6 6. a3 a5 7. a4 Bd7 8. Bb5 cxd4 9. cxd4 Nge7 10. 0-0 Nf5 11. Be3 Be7 12. Nc3 0-0 13. Ne2 1/2-1/2

[Event "Regionalliga NO 0809"]
[Site "Bayern"]
[Date "2008.10.26"]
[Round "2.5"]
[White "Eiber, Manfred"]
[Black "Blodig, Christoph"]
[Result "1-0"]
[WhiteElo "2122"]
[BlackElo "1858"]
[PlyCount "69"]
[EventDate "2008.10.05"]
[EventType "team-tourn"]
[EventRounds "9"]
[EventCountry "GER"]
[SourceTitle "EXT 2020"]
[Source "ChessBase"]
[SourceDate "2019.10.17"]
[SourceVersion "1"]
[SourceVersionDate "2019.10.17"]
[SourceQuality "1"]
[WhiteTeam "Nuernberg Sued SW"]
[BlackTeam "Dietfurt"]
[WhiteTeamCountry "GER"]
[BlackTeamCountry "GER"]

1. d4 d5 2. Nf3 e6 3. e3 Nf6 4. Bd3 c5 5. c3 Nc6 6. Nbd2 a6 7. 0-0 Be7 8. dxc5 Bxc5 9. e4 0-0 10. e5 Ng4 11. Nb3 Be7 12. Re1 f6 13. exf6 Nxf6 14. Qc2 Bd6 15. Nbd4 e5 16. Nxc6 bxc6 17. Nxe5 Re8 18. Nf3 Bg4 19. Bg5 Bxf3 20. gxf3 h6 21. Bh4 Qc7 22. Bg3 Nh5 23. Rxe8+ Rxe8 24. Bg6 Bxg3 25. hxg3 Re5 26. f4 Nxf4 27. gxf4 Re6 28. Bf5 Rf6 29. Bh7+ Kf7 30. f5 Qf4 31. Bg6+ Kf8 32. Qd3 Qg4+ 33. Qg3 Qe2 34. b4 Qd2 35. Qe3 1-0